Нелинейно-динамическая криптология. Радиофизические и оптические системы

Bibliografiset tiedot
Päätekijä: Владимиров С. Н. Сергей Николаевич
Muut tekijät: Измайлов И. В. Игорь Валерьевич (редактор), Пойзнер Б. Н. Борис Николаевич
Yhteenveto:На рубеже 1990-2000-х годов развернулось изучение универсального феномена — динамического (детерминированного) хаоса, что стимулировало разработку его источников и поиск сфер его применения. Таковыми оказались информационные технологии, в частности информационная безопасность. Монография обобщает результаты полидисциплинарных исследований, преимущественно полученные усилиями авторов. Книга адресована научным работникам, инженерам, университетским преподавателям, аспирантам и студентам старших курсов, занимающимся созданием систем конфиденциальной связи, а также интересующимся особенностями хаотического поведения радиоэлектронных и оптических устройств. В работе использованы результаты исследований, поддержанных грантом Президента РФ МК-4701.2006.9 и грантом ФАО Минобрнауки (Программа: «Развитие научного потенциала высшей школы». Раздел 3.3), № 60321.
Kieli:venäjä
Julkaistu: Москва, Физматлит, 2009
Aiheet:
Aineistotyyppi: Kirja
KOHA link:https://koha.lib.tpu.ru/cgi-bin/koha/opac-detail.pl?biblionumber=176980

MARC

LEADER 00000nam0a2200000 4500
001 176980
005 20231101223315.0
010 |a 9785922111249 
035 |a (RuTPU)RU\TPU\book\191886 
090 |a 176980 
100 |a 20100310d2009 k y0rusy50 ca 
101 0 |a rus 
102 |a RU 
105 |a a z 001zy 
200 1 |a Нелинейно-динамическая криптология. Радиофизические и оптические системы  |f С. Н. Владимиров, И. В. Измайлов, Б. Н. Пойзнер  |g под ред. С. Н. Владимирова 
210 |a Москва  |c Физматлит  |d 2009 
215 |a 208 с.  |c ил. 
320 |a Библиогр.: с. 187-199. 
320 |a Предметный указатель: с. 200-202. 
330 |a На рубеже 1990-2000-х годов развернулось изучение универсального феномена — динамического (детерминированного) хаоса, что стимулировало разработку его источников и поиск сфер его применения. Таковыми оказались информационные технологии, в частности информационная безопасность. Монография обобщает результаты полидисциплинарных исследований, преимущественно полученные усилиями авторов. Книга адресована научным работникам, инженерам, университетским преподавателям, аспирантам и студентам старших курсов, занимающимся созданием систем конфиденциальной связи, а также интересующимся особенностями хаотического поведения радиоэлектронных и оптических устройств. В работе использованы результаты исследований, поддержанных грантом Президента РФ МК-4701.2006.9 и грантом ФАО Минобрнауки (Программа: «Развитие научного потенциала высшей школы». Раздел 3.3), № 60321. 
606 1 |a Компьютерные системы  |x Защита информации  |2 stltpush  |3 (RuTPU)RU\TPU\subj\15178  |9 41444 
610 1 |a криптология 
610 1 |a информация 
610 1 |a информационная защита 
610 1 |a детерминированный хаос 
610 1 |a динамические системы 
610 1 |a радиофизические устройства 
610 1 |a оптические устройства 
610 1 |a синхронная хаотическая связь 
610 1 |a конфиденциальная связь 
610 1 |a взломы 
610 1 |a имитация 
610 1 |a корреляционный анализ 
610 1 |a динамический анализ 
675 |a 681.3.067  |v 3 
700 1 |a Владимиров  |b С. Н.  |g Сергей Николаевич 
701 1 |a Измайлов  |b И. В.  |g Игорь Валерьевич 
701 1 |a Пойзнер  |b Б. Н.  |g Борис Николаевич 
702 1 |a Владимиров  |b С. Н.  |g Сергей Николаевич  |4 340 
801 1 |a RU  |b 63413507  |c 20100310 
801 2 |a RU  |b 63413507  |c 20210316  |g RCR 
942 |c BK 
959 |a 13/20100310  |d 1  |e 198,00  |f ЧЗТЛ:1